Controlling zodpovedného podnikania vedecká monografia
Na minha lista:
| Autor principal: | |
|---|---|
| Outros Autores: | , |
| Formato: | Livro |
| Idioma: | eslovaco |
| Publicado em: |
Bratislava
Vydavateľstvo EKONÓM
2015
|
| Edição: | 1. vyd. |
| Assuntos: | |
| Tags: |
Sem tags, seja o primeiro a adicionar uma tag!
|
MARC
| LEADER | 00000nam a2200000 4500 | ||
|---|---|---|---|
| 001 | 0209471 | ||
| 005 | 20240523114639.1 | ||
| 020 | |a 978-80-225-4106-0 | ||
| 041 | 0 | |a slo | |
| 044 | |a SK | ||
| 245 | 1 | 0 | |a Controlling zodpovedného podnikania |b vedecká monografia |c Gabriela Dubcová ; recenzenti: Jana Kajanová, Jana Kissová |
| 250 | |a 1. vyd. | ||
| 264 | 1 | |a Bratislava |b Vydavateľstvo EKONÓM |c 2015 | |
| 300 | |a 146 s. [9,43 AH] | ||
| 610 | 2 | 0 | |a podnikanie zodpovedné |
| 610 | 2 | 0 | |a kontroling podnikový |
| 610 | 2 | 0 | |a stratégia podnikateľská |
| 610 | 2 | 0 | |a stratégia podniková |
| 100 | 1 | |a Dubcová, Gabriela, 1968- | |
| 700 | 1 | |a Kajanová, Jana | |
| 700 | 1 | |a Kissová, Jana, 1979- | |